Public Research and Development in European Union Countries - Evaluation Based on Selected Indicators
Analýza sa sústreďuje nielen na vybrané ukazovatele verejného výskumu a vývoja, ale aj komplexné hodnotenie a úlohu verejného výskumu v EÚ krajinách. Krajiny EÚ sú hodnotené na základe ukazovateľov verejného výskumu a vývoja prostredníctvom analýzy faktorov, klastrovej analýzy a „box-plot-u“.
Saved in:
| Main Author: | |
|---|---|
| Other Authors: | |
| Format: | Book Chapter |
| Language: | English |
| Subjects: | |
| Tags: |
No Tags, Be the first to tag this record!
|
MARC
| LEADER | 00000naa a2200000 4500 | ||
|---|---|---|---|
| 001 | 0249767 | ||
| 005 | 20190109105156.1 | ||
| 041 | 0 | |a eng | |
| 044 | |a CZ | ||
| 245 | 1 | 0 | |a Public Research and Development in European Union Countries - Evaluation Based on Selected Indicators |c Martina Halásková, Pavel Bednář |
| 520 | |a Analýza sa sústreďuje nielen na vybrané ukazovatele verejného výskumu a vývoja, ale aj komplexné hodnotenie a úlohu verejného výskumu v EÚ krajinách. Krajiny EÚ sú hodnotené na základe ukazovateľov verejného výskumu a vývoja prostredníctvom analýzy faktorov, klastrovej analýzy a „box-plot-u“. | ||
| 610 | 2 | 0 | |a výskum |
| 610 | 2 | 0 | |a veda |
| 610 | 2 | 0 | |a zdroje finančné |
| 610 | 2 | 0 | |a financovanie vedy |
| 610 | 2 | 0 | |a financovanie vývoja |
| 610 | 2 | 0 | |a financie verejné |
| 610 | 2 | 0 | |a Európska únia |
| 100 | 1 | |a Halásková, Martina | |
| 700 | 1 | |a Bednář, Pavel | |